|
|
|
|
| LEADER |
02100nam a2200337 4500 |
| 001 |
36834 |
| 003 |
BD-DhAAL |
| 005 |
20211111111819.0 |
| 008 |
200101t2019 ii d||| |||| 001 0 eng d |
| 999 |
|
|
|c 41744
|d 41744
|
| 020 |
|
|
|a 9781086955811
|
| 040 |
|
|
|a BD-DhAAL
|
| 082 |
|
|
|a 005.2762
|2 23
|
| 100 |
|
|
|a Deshmukh, Hanumant
|9 38737
|
| 245 |
|
|
|a OCP Oracle Certified Professional Java SE 11 Programmer I Exam Fundamentals 1Z0-815 :
|b Study guide for passing the OCP Java 11 Developer Certification Part 1 Exam 1Z0-815 /
|c Hanumant Deshmukh
|
| 260 |
|
|
|a India :
|b Enthuware,
|c c2019.
|
| 300 |
|
|
|a xi, pages 436 :
|b illustrations ;
|c 28 cm.
|
| 500 |
|
|
|a Includes index.
|
| 526 |
|
|
|a CSE
|
| 541 |
|
|
|a Karim International
|e 36834, 36835, 36836, 36837, 36838
|
| 650 |
|
|
|a Java (Computer program language)
|x Examinations
|v Study guides.
|9 38738
|
| 650 |
|
|
|a Electronic data processing personnel
|x Certification.
|9 38739
|
| 650 |
|
|
|a Computer science.
|9 42545
|
| 650 |
|
|
|a Java (Computer program language)
|x Examinations.
|2 fast
|9 38740
|
| 852 |
|
|
|a Ayesha Abed Library
|c General Stacks
|
| 942 |
|
|
|2 ddc
|c BK
|
| 952 |
|
|
|0 0
|1 0
|2 ddc
|4 0
|6 005_276200000000000_DES
|7 0
|9 67573
|a BRACUL
|b BRACUL
|c GEN
|d 2019-12-29
|e Karim International
|g 2650.00
|l 0
|o 005.2762 DES
|p 3010036838
|r 2019-12-29
|t 5
|v 2650.00
|w 2019-12-29
|y BK
|
| 952 |
|
|
|0 0
|1 0
|2 ddc
|4 0
|6 005_276200000000000_DES
|7 0
|9 67574
|a BRACUL
|b BRACUL
|c GEN
|d 2019-12-29
|e Karim International
|g 2650.00
|l 1
|m 4
|o 005.2762 DES
|p 3010036837
|r 2025-02-10
|s 2025-01-16
|t 4
|v 2650.00
|w 2019-12-29
|y BK
|
| 952 |
|
|
|0 0
|1 0
|2 ddc
|4 0
|6 005_276200000000000_DES
|7 0
|9 67575
|a BRACUL
|b BRACUL
|c GEN
|d 2019-12-29
|e Karim International
|g 2650.00
|l 0
|o 005.2762 DES
|p 3010036836
|r 2019-12-29
|t 3
|v 2650.00
|w 2019-12-29
|y BK
|
| 952 |
|
|
|0 0
|1 0
|2 ddc
|4 0
|6 005_276200000000000_DES
|7 0
|9 67576
|a BRACUL
|b BRACUL
|c GEN
|d 2019-12-29
|e Karim International
|g 2650.00
|l 0
|o 005.2762 DES
|p 3010036834
|r 2019-12-29
|t 1
|v 2650.00
|w 2019-12-29
|y BK
|
| 952 |
|
|
|0 0
|1 0
|2 ddc
|4 0
|6 005_276200000000000_DES
|7 0
|9 67577
|a BRACUL
|b BRACUL
|c GEN
|d 2019-12-29
|e Karim International
|g 2650.00
|l 2
|m 5
|o 005.2762 DES
|p 3010036835
|r 2025-04-30
|s 2025-04-23
|t 2
|v 2650.00
|w 2019-12-29
|y BK
|